Statistics for Click the Chemical Element

Click here to take the quiz!

General Stats

  • This quiz has been taken 47,707 times
  • The average score is 20 of 24

Answer Stats

HintAnswer% Correct
KrKrypton
91%
CCarbon
90%
ArArgon
89%
CrChromium
89%
NeNeon
89%
NNitrogen
89%
FeIron
88%
CaCalcium
87%
IIodine
87%
CuCopper
86%
SiSilicon
86%
AuGold
84%
NiNickel
82%
PtPlatinum
82%
IrIridium
81%
KPotassium
81%
TiTitanium
79%
NaSodium
78%
SSulfur
78%
PbLead
77%
PPhosphorus
77%
WTungsten
74%
SnTin
55%
AgSilver
53%

Score Distribution

Percentile by Number Answered

Percent of People with Each Score

Your Score History

You have not taken this quiz